ARRUPE JESUIT UNIVERSITY

CORONAVIRUS -STOP THE SPREAD - CLEAN,DISINFECT,COVER

Roots of scientific thought, (Record no. 131035)

MARC details
000 -LEADER
fixed length control field 00882cam a22002531 4500
001 - CONTROL NUMBER
control field 7001208
003 - CONTROL NUMBER IDENTIFIER
control field ARRUPE
005 - DATE AND TIME OF LATEST TRANSACTION
control field 20211028114711.0
008 - FIXED-LENGTH DATA ELEMENTS--GENERAL INFORMATION
fixed length control field 721219r1957uuuunyu 000 0 eng
010 ## - LIBRARY OF CONGRESS CONTROL NUMBER
LC control number 57012414
035 ## - SYSTEM CONTROL NUMBER
System control number (OCoLC)520222
040 ## - CATALOGING SOURCE
Original cataloging agency DLC
Transcribing agency ODaWU
Modifying agency OCoLC
-- OYU
-- OClW-H
-- OCoLC
-- DLC
050 00 - LIBRARY OF CONGRESS CALL NUMBER
Classification number Q111
Item number .J6
082 ## - DEWEY DECIMAL CLASSIFICATION NUMBER
Classification number 508
300 ## - PHYSICAL DESCRIPTION
Dimensions 24 cm.
130 0# - MAIN ENTRY--UNIFORM TITLE
Uniform title Journal of the history of ideas.
9 (RLIN) 14513
245 10 - TITLE STATEMENT
Title Roots of scientific thought,
Remainder of title a cultural perspective.
Statement of responsibility, etc Edited by Philip P. Wiener, and Aaron Noland.
260 ## - PUBLICATION, DISTRIBUTION, ETC. (IMPRINT)
Place of publication, distribution, etc New York,
Name of publisher, distributor, etc Basic Books
Date of publication, distribution, etc [1957]
300 ## - PHYSICAL DESCRIPTION
Extent 677 p.
500 ## - GENERAL NOTE
General note "Selections from the first eighteen volumes of the Journal of the history of ideas."
650 #0 - SUBJECT ADDED ENTRY--TOPICAL TERM
Topical term or geographic name as entry element Science.
9 (RLIN) 2892
700 1# - ADDED ENTRY--PERSONAL NAME
Personal name Wiener, Philip P.
Fuller form of name (Philip Paul),
Dates associated with a name 1905-1992.
9 (RLIN) 50801
906 ## - LOCAL DATA ELEMENT F, LDF (RLIN)
a 7
b cbc
c oclcrpl
d u
e ncip
f 19
g y-gencatlg
942 ## - ADDED ENTRY ELEMENTS (KOHA)
Source of classification or shelving scheme Library of Congress Classification
Koha item type Monograph ( Printed materials)
Holdings
Withdrawn status Lost status Source of classification or shelving scheme Damaged status Not for loan Collection code Home library Current library Shelving location Date acquired Total Checkouts Full call number Barcode Date last seen Price effective from Koha item type
    Library of Congress Classification     Main Collection ARRUPE LIBRARY ARRUPE LIBRARY Main Collection 28/10/2021   Q111 .J6 46600007014 28/10/2021 28/10/2021 Monograph ( Printed materials)

 

Arrupe Library. PO Box MP320 Mt Pleasant, Harare, Zimbabwe
263 242 745411|librarian@aju.ac.zw